4ème - Statistiques

Statistiques générales
  • Ce quiz a été pris 3 fois
    1 depuis la dernière actualisation
  • Le résultat moyen est 1 sur 49
Statistiques - réponses
Hint Réponse % Correct
droit de vote accordé aux femmes mois année avril 1944
100%
2ème projet de constitution adopté à 53%, mais 30% abstention jour mois année 13 octobre 1946
0%
discours sur l'auto détermination de DG jour mois année 16 septembre 1959
0%
accords d'Evian jour mois année 18 mars 1962
0%
traité assistance mutuelle RU/FR contre menace coco année 1947
0%
Pinay renversé par MRP car retarde CED année 1953
0%
GD investi jour mois année 1 juin 1958
0%
nuit de la toussaint rouge : 70 attentats en Algérie par le FLN jour mois année 1 novembre 1954
0%
soulèvement constantinois, réel début conflit : répréssion de 1k mort jours mois année 20 et 21 aout 1955
0%
DG propose la "paix des braves", mal vu par le FLN jour mois année 23 octobre 1958
0%
DG pleins pvs jour mois année 2 juin 1958
0%
CED rejetée, MRP en veut à PMF (le crime du ...) jour mois année 30 aout 1954
0%
DG droit de réviser la constitution jour mois année 3 juin 1958
0%
coco exclus (fin tripartisme +conflits colonies : ho chi minh, plan marshall divise) jour mois année 5 mai 1947
0%
journée des tomates : Mollet hué jour mois année 6 février 1956
0%
création troisième force (SFIO, MRP, radicaux et modérés) contre coco et RPF mois année automne 1947
0%
DG fonde RPF ou tt le monde invité, sauf coco "les séparatistes" mois année avril 1947
0%
pacte atlantique (en parti du au blocus de berlin) mois année avril 1949
0%
création CECA mois année avril 1951
0%
putsch des généraux mois année avril 1961
0%
René Coty président république après 13 tours car neutre mois année décembre 1953
0%
PMF renversé car droite reproche perte Empire, MRP la CED mois année février 1955
0%
DG démissionne mois année janvier 1946
0%
charte tripartisme pr rédiger constitution mois année janvier 1946
0%
plan de modernisation de Jean Monnet mois année janvier 1947
0%
élections remportées par front républicain (SFIO, UDSR, Radicaux) de Guy Mollet mois année janvier 1956
0%
bataille d'Alger, 9 mois mois année janvier 1957
0%
semaine des barricades Algériiiiiiiiiiie mois année janvier 1960
0%
référendum sur l'auto determination en Algérie, 75% oui mais abstention mois année janvier 1961
0%
accord de Genève/déclaration de Carthage (autonomie Tunisie) mois année Juillet 1954
0%
réferendum sur les accords : oui à 99% en hostilité à L'OAS mois année juillet 1962
0%
nvl élections avec MRP en 1er mois année juin 1946
0%
PMF nommé par Coty car préconise paix en Indochine mois année juin 1954
0%
discours de Bayeux/ D'Epinal de DG mois (2) année juin/ septembre 1946
0%
proposition de constitution rejetée mois année mai 1946
0%
plan schuman qui ouvre la construction de la CECA mois année mai 1950
0%
loi des apparentements par henry queuille mois année mai 1951
0%
DG dissout RPF car répond plus à ses demandes, membres fondent l'URAS mois année mai 1953
0%
DG appelé par général Slan mois année mai 1958
0%
antoine Pinay président conseil confirme fin 3ème force et le nvl équilibre, SMIG mois année Mars 1952
0%
Vincent Auriol (socialiste) remporte élections et nomme Paul Ramadier mois année novembre 1946
0%
Ramadier démissionne, Schuman prend la place mois année novembre 1947
0%
Edgar Faure suit et propose élections anticipées car montée mendésisme et poujadisme, il dissout l'AN mois année novembre 1955
0%
fiasco crise de Suez, Nasser soupsconné d'aider FLN mois année Novembre 1956
0%
élections, PCF 1er, MRP, SFIO mois année octobre 1945
0%
référendum pr nvl constitution (96% oui) limite assemblée (66% oui) mois année octobre 1945
0%
massacre algériens paris, 200 morts mois année Octobre 1961
0%
conf Kominform Pologne, PCF jugé faible "crétinisme parlementaire" : déclenche grèves mois année Septembre 1947
0%
FLN crée le GPRA, gouv prov de la Rep Alg avec Ferhat Abbas mois année Septembre 1958
0%
Aucun quiz correspondant
Distribution des résultats
% des personnes avec chaque résultat
Percentile par nombre de réponses
Votre historique - résultats
Vous n’avez pas pris ce quiz depuis la dernière actualisation